Ποινική δικαιοδοσία στον θαλάσσιο χώρο και εγκλήματα τελούμενα επί πλοίου

Saved in:
Bibliographic Details
Main Author: Τσιρίδης, Πολυχρόνης Π.
Format: Book
Language:Greek
Published: Αθήνα : Π. Ν. Σάκκουλας, c1998
Series:Δίκαιο και Οικονομία
Subjects:
Tags: Add Tag
No Tags, Be the first to tag this record!

MARC

LEADER 00000cam a2200000 i 4500
001 1/9882
008 000828s1998 gre d
020 |a 960-420-056-9 
035 |l 10063228 
040 |a GR-MY-UA  |b gre  |e aacr 
041 0 |a gre 
082 0 |a 343.096 
100 1 |a Τσιρίδης, Πολυχρόνης Π. 
245 1 0 |a Ποινική δικαιοδοσία στον θαλάσσιο χώρο και εγκλήματα τελούμενα επί πλοίου /  |c Πολυχρόνη Π. Τσιρίδη 
260 |a Αθήνα :   |b Π. Ν. Σάκκουλας,   |c c1998 
300 |a xiv, 266 σ.;  |c 24 cm 
490 1 |a Δίκαιο & οικονομία 
504 |a Περιέχει βιβλιογραφία και ευρετήριο 
650 0 0 |a Maritime law. 
650 0 0 |a Criminal law. 
830 0 |a Δίκαιο και Οικονομία 
852 |a INST  |b CHIOS  |e 20000828  |h 343.096 ΤΣΙ  |p 005200018479  |q 005200018479  |t BK  |y 0 
901 |a BIBL2-2000-2 
909 |a Χ  |b 074604 
970 |z 2000/08/ΣΟΦΙΑ